| 000 | 00485nam a2200145Ia 4500 | ||
|---|---|---|---|
| 008 | 140724s9999 xx 000 0 und d | ||
| 050 |
_aLB 1051 _b.Sa238 2008 |
||
| 100 | _aLB 1051 Sa238 2008. | ||
| 245 |
_aIntegration practices in selected schools in Metro Manila / _cAndrea Legarse Sanz. |
||
| 260 |
_aLas PiƱas, Philippines : _bSouthville International School and Colleges, _cc2008. |
||
| 300 |
_a45 p. : _c28 cm. |
||
| 521 | _aSpecial Education | ||
| 942 | _cTH | ||
| 999 |
_c229014 _d229014 |
||